Responses for Show #6518 - Wednesday, January 9, 2013

Ashok Poozhikunnel game 5.
Kristin Morgan game 1.

Contestants

[<< previous game]

Brett Swartz, a graphic designer from Athens, Georgia

Kristin Morgan, a strategic analyst for NASA from Huntsville, Alabama

Ashok Poozhikunnel, an underwriter from Wheaton, Illinois (whose 4-day cash winnings total $69,002)

[next game >>]

Jeopardy! Round responses

COMPUTING
U.S. PLACE NAMES
TV NEWS
THANKS TO OUR "VET"s
ENTERTAINMENTS
SUPERSTARS OF SCIENCE
    $200 23
spam

Kristin
    $200 1
Erie

Kristin
    $200 16
Good Morning America

Ashok
    $200 11
a riveter

Kristin
    $200 6
arm wrestling

Kristin
    $200 2
Darwin

Ashok
    $400 25
protocol

Kristin
    $400 21
the Good Samaritan

Kristin
    $400 17
The Newsroom

Ashok
    $400 12
covet

Kristin
    $400 7
demolition derby

Kristin
    $400 3
Newton

Ashok
    $600 26
HAL

Brett
    $600 22
(Ashok: What is... Manhattan?)

Long Island

Ashok
Triple Stumper
    $600 18
(Walter) Cronkite

Ashok
    $600 13
a Corvette

Ashok
    $600 8
synchronized swimming

Kristin
    $600 4
Pasteur

Ashok
    $800 27
a spell check

Ashok
    $800 24
Sun Valley

Triple Stumper
    $800 19
Savannah Guthrie

Brett
    $800 14
a civet

Kristin
    $800 9
(Kristin: What is Tron?)

laser tag

Kristin
Triple Stumper
    $800 5
(Niels) Bohr

Kristin
    $1000 28
compressing

Ashok
    $4,000 29
(Ashok: Who is Jimmy Carter?)

Franklin Delano Roosevelt

Ashok
    $1000 20
State of the Union

Triple Stumper
    $1000 15
(Kristin: What is a kvetcher?)

kvetch

KristinBrett
    $1000 10
juggling

Triple Stumper
    $1000 30
(William) Herschel

Ashok

Scores at the first commercial break (after clue 15):

Ashok Kristin Brett
$1,800 $1,800 $1,000

Scores at the end of the Jeopardy! Round:

Ashok Kristin Brett
$1,200 $2,800 $2,400

Double Jeopardy! Round responses

OUTLAWS
IN-LAWS
WORDS FOUND BEFORE BEAR
THE UNREAL McCOYS
THE LONDON STAGE
"F"OOD LOVERS
    $400 1
Butch Cassidy

Ashok
    $400 21
Barack Obama

Ashok
    $400 14
polar

Kristin
    $400 28
the X-Men

Ashok
    $400 4
Queen

Kristin
    $400 7
fajitas

Kristin
    $800 2
the Barkers

Kristin
    $800 22
Helen

Brett
    $800 15
(Ashok: What is [*]-[*]?)
(Alex: [Laughing] We'll accept it, yeah.)

pooh

Ashok
    $800 30
The Love Boat

Brett
    $800 5
The Tempest

Kristin
    $800 8
fondue

Kristin
    $1,400 3
the James brothers (Jesse & Frank)

Kristin
    $1200 23
(Kristin: Who is Castroneves?)

(Dario) Franchitti

AshokKristin
    $1200 16
Yogi

Ashok
    $1200 26
Boardwalk Empire

Ashok
    $800 6
Chariots of Fire

Kristin
    $1200 9
(Kristin: What is bread?)

flatbread

Kristin
Triple Stumper
    $1600 19
Johnny Ringo

Triple Stumper
    $1600 24
Shelley

Brett
    $1600 17
Chicago

Ashok
    $1600 27
DeForest Kelley

Brett
    $1600 12
Cabaret

Brett
    $1600 10
farina

Kristin
    $2000 20
William Quantrill

Triple Stumper
    $2000 25
(Alex: You got it with one minute to go.)

Eugene O'Neill

Kristin
    $2000 18
(Ashok: What's a Tommy boy?)

Teddy boy

Ashok
Triple Stumper
    $2000 29
Tom Hanks

Brett
    $2000 13
Lynn & Vanessa Redgrave

Triple Stumper
    $2000 11
fiddleheads

Brett

Scores at the end of the Double Jeopardy! Round:

Ashok Kristin Brett
$6,400 $9,800 $12,800

[wagering suggestions for these scores]

Final Jeopardy! Round responses

CAPITAL CITIES
(Alex: 59 degrees puts them pretty far north.)
AshokWhat are Seoul and Pyongyang?
$6,400
KristinWhat are Copenhagen
$3,100
BrettWhat are ?
$8,000
Stockholm & Oslo

Final scores:

Ashok Kristin Brett
$0 $6,700 $4,800
3rd place: $1,000 New champion: $6,700 2nd place: $2,000

Game dynamics:

Coryat scores:

Ashok Kristin Brett
$10,400 $10,000 $12,800
18 R,
3 W
(including 1 DD)
21 R
(including 2 DDs),
4 W
10 R,
0 W

Combined Coryat: $33,200

[game clues] [game scores] [suggest correction]

Game tape date: 2012-10-15
The J! Archive is created by fans, for fans. Scraping, republication, monetization, and malicious use prohibited; this site may use cookies and collect identifying information. See terms. The Jeopardy! game show and all elements thereof, including but not limited to copyright and trademark thereto, are the property of Jeopardy Productions, Inc. and are protected under law. This website is not affiliated with, sponsored by, or operated by Jeopardy Productions, Inc. Join the discussion at JBoard.tv.